Регионална библиотека "Любен Каравелов" - Русе

Богове и демони на медицината (Запис номер 55809)

MARC детайли
000 -Лидер
Контролно поле с фиксирана дължина 01684nam a2200385 c 4500
003 - Код на организацията, давaща контролен номер
Контролно поле BLK
005 - Дата и час на последна редакция
Контролно поле 20240301163918.0
008 - Елементи от данни с фиксирана дължина
fixed length control field 180408b bul|||||r ||||||| ||bul||
010 ## - Наследен системен номер
LC control number KNG00059784000
040 ## - Източник на каталожния запис
Идентификатор на билиотеката - собственик на записа BLK
041 ## - Код за език
Код за езика на текст/звукозапис или на отделно заглавие Български
Код за езика КДБФ Български
080 ## - УДК
Текстов определител УДК Медицина
УДК код - определител по УДК 61
УДК определител (092)
УДК - код + определител 61(092)
080 ## - УДК
Текстов определител УДК Биографии
УДК код - определител по УДК 929
УДК определител (100)
УДК - код + определител 929(100)
100 1# - Редна дума - Автор
Автор Намора, Фернанду
Авторска отговорност първи автор
R(LIN) 100537
139 ## - Редно поле
Редна дума Намора, Фернанду
Авторски знак Нам - Н 20
245 10 - Сведения за заглавието
Заглавие Богове и демони на медицината
Подзаглавни данни Биогр. очерци : Т. 1 -
Редно поле (дума) Фернанду Намора; прев. от португ. Сидония Йорданова Пожарлиева; прев. от португ. Буря Атанасова Димитрова.
Том Т. 2
257 ## - Страна на издаване
Страна на създаване/издаване Португалия
260 ## - Област на издателските данни
-- София
Име на издателя, разпространителя и проч. Медицина и физкултура
Година на издаване 1983
300 ## - Физическа характеристика
Размери/Мащаб 30 см
380 ## - Жанр
Жанр Медицина
500 ## - Общи забележки
Забележка Ориг. загл. Deuses e demonios da medicina / Fernando Namora
650 #4 - Допълнително описание по предмет – тема
Основно описание – тема или топоним Медицина - история
9 (RLIN) 248937
653 ## - Ключова дума – ненормативна
Ключова дума медицина
653 ## - Ключова дума – ненормативна
Ключова дума история
653 ## - Ключова дума – ненормативна
Ключова дума биографии
700 ## - Други автори (авторска отговорност)
Лично име Пожарлиева, Сидония Йорданова
9 (RLIN) 366190
700 1# - Други автори (авторска отговорност)
Лично име Димитрова, Буря Атанасова
Автороска отговорност (Описва отношението между автора и произведението) прев. от португ.
9 (RLIN) 369203
760 1# - Описание на основната серия
Редна дума на основното описание Намора, Фернанду
Място на издаване, издател и година 1984
Страници - том 228 с. : с ил., портр.
Забележка - том Авт. не е отбелязан на кор.
Заглавие Т. 2
852 ## - Местоположение
Форматна сигнатура Цб ІІ 6532
856 4# - Електронен адрес и достъп
Електронен формат pdf - файл
Път до файла /url/
856 4# - Електронен адрес и достъп
Електронен формат pdf - файл
Път до файла /url/
942 ## - АРТИКУЛИ
Вид на библиотечния материал Книги
Скрит в OPAC Не
944 ## - СЪЗДАВАНЕ И РЕДАКЦИЯ на ЗАПИСА
Създаване/Редакция Създаване
Дата на регистрацията/редакция 07.06.2006
Служител, извършил регистрацията/редакцията 30560
Статус, дата на статуса Геновева Генчева
944 ## - СЪЗДАВАНЕ И РЕДАКЦИЯ на ЗАПИСА
Създаване/Редакция Редакция
Дата на регистрацията/редакция 07.06.2006
Служител, извършил регистрацията/редакцията
999 ## - СИСТЕМНИ КОНТРОЛНИ НОМЕРА
Koha biblionumber 55809
Koha biblioitemnumber 55809
Наличности
Код за отписване Код за изгубен артикул Източник на класификационната схема Код за повреда Коз за рестрикции Код за отдаване Артикулен № Име на библиотеката - собственик Име на библиотеката, в която се намира в момента Статус (Текущо местоположение) Дата на вписване в системата Местоположение - отдел Цена в лева Инвентарен номер Систематично азбучна сигнатура Баркод Номер на екземпляра Цена в евро Служебна бележка Служебен тип на артикула
  Не е изгубен Universal Decimal Classification Не е повреден без рестрикции ползва се в читалня 87818 Регионална библиотека "Любен Каравелов" Русе Регионална библиотека "Любен Каравелов" Русе Хранилище 2001-01-01 Хранилище 4.75 418617 Цб ІІ 6532 120000418617 1 2.43 Дост: Dp Вид: Д N: стар фонд Дата: 01.01.2001 Книги
Изтеглен Не е изгубен Universal Decimal Classification Не е повреден без рестрикции заемане за дома 87819 Регионална библиотека "Любен Каравелов" Русе Регионална библиотека "Любен Каравелов" Русе Заемна - подръчен фонд 2001-01-01 Заемна - подръчен фонд 4.75 418282 П 61(092)/Н 20 418282 2 2.43 Дост: Pk Вид: Ф N: стар фонд Дата: 01.01.2001 Дата инв: 02.02.2018 Бележки инв: П2018 Книги
  Не е изгубен Universal Decimal Classification Не е повреден без рестрикции заемане за дома 87820 Регионална библиотека "Любен Каравелов" Русе Регионална библиотека "Любен Каравелов" Русе Детски отдел 2001-01-01 Детски отдел 4.75 419214 Д 61(092)/Н 20 120000419214 3 2.43 Дост: Pk Вид: Ф N: стар фонд Дата: 01.01.2001 Дата инв: 21.08.2015 Бележки инв: Д2015 Книги
Vip Innovations Ltd, Rousse, Bulgaria 2025